LEADER 01522nam 2200409 a 450 001 9910695951903321 005 20070730110157.0 035 $a(CKB)5470000002374282 035 $a(OCoLC)159934066 035 $a(EXLCZ)995470000002374282 100 $a20070730d2007 ua 0 101 0 $aeng 135 $aurmn||||||||| 181 $ctxt$2rdacontent 182 $cc$2rdamedia 183 $acr$2rdacarrier 200 10$aNuclear safety$b[electronic resource] $eDOE's investigation of phosgene gas contamination was inadequate, but experts conclude that worker safety and facilities are not threatened : report to congressional addressees 210 1$a[Washington, D.C.] :$cU.S. Govt. Accountability Office,$d[2007] 215 $aii, 36 pages $cdigital, PDF file 300 $aTitle from title screen (viewed on July 11, 2007). 300 $a"May 2007." 300 $aPaper version available from: U.S. Govt. Accountability Office, 441 G St., NW, Rm. LM, Washington, D.C. 20548. 300 $a"GAO-07-712." 320 $aIncludes bibliographical references. 517 $aNuclear safety 606 $aPhosgene 606 $aUranium$xStorage$zUnited States$xEvaluation 606 $aNuclear facilities$zUnited States$xSafety measures 615 0$aPhosgene. 615 0$aUranium$xStorage$xEvaluation. 615 0$aNuclear facilities$xSafety measures. 801 0$bGPO 801 1$bGPO 906 $aBOOK 912 $a9910695951903321 996 $aNuclear safety$92319825 997 $aUNINA